书目信息 |
| 题名: |
高考必刷题
|
|
| 作者: | 杨文彬 主编 | |
| 分册: | 分题型强化 | |
| 出版信息: | 北京 开明出版社 2024 |
|
| 页数: | 108页 | |
| 开本: | 30cm | |
| 丛书名: | ||
| 单 册: | ||
| 中图分类: | G634 , G634.915 | |
| 科图分类: | ||
| 主题词: | 生物课--习题集 | |
| 电子资源: | ||
| ISBN: | 978-7-5131-7177-9 | |
| 000 | 00687nam0 2200229 450 | |
| 001 | 012024000819 | |
| 005 | 20241119081501.0 | |
| 010 | @a978-7-5131-7177-9@dCNY39.80 | |
| 100 | @a20241119d2024 em y0chiy50 ea | |
| 101 | 0 | @achi |
| 102 | @aCN@b110000 | |
| 105 | @aa q 000yy | |
| 106 | @ar | |
| 200 | 1 | @a高考必刷题@Agao kao bi shua ti@i分题型强化@i生物选考@e新高考版@f杨文彬主编 |
| 210 | @a北京@c开明出版社@d2024 | |
| 215 | @a108页@c图@d30cm@e2附件 | |
| 606 | 0 | @a生物课@j习题集 |
| 690 | @aG634@v5 | |
| 690 | @aG634.915@v5 | |
| 701 | 0 | @a杨文彬@Ayang wen bin@4主编 |
| 801 | 0 | @aCN@bAHXH@c20241119 |
| 905 | @b214167907@b214167916@b214167925@b214167934@b214167943@dG634@e5396@f5 | |
| 高考必刷题.分题型强化.生物选考:新高考版/杨文彬主编.-北京:开明出版社,2024 |
| 108页:图;30cm+2附件 |
| ISBN 978-7-5131-7177-9:CNY39.80 |
| ● |
| 相关链接 |
|
|
|
|
正题名:高考必刷题
索取号:G634/5396
 
预约/预借
| 序号 | 登录号 | 条形码 | 馆藏地/架位号 | 状态 | 备注 |
| 1 | 1416790 | 214167907 | 第一样本阅览室/ [索取号:G634/5396] | 在馆 | |
| 2 | 1416791 | 214167916 | 第四借阅区/ [索取号:G634/5396] | 在馆 | |
| 3 | 1416792 | 214167925 | 第四借阅区/ [索取号:G634/5396] | 在馆 | |
| 4 | 1416793 | 214167934 | 第四借阅区/ [索取号:G634/5396] | 在馆 | |
| 5 | 1416794 | 214167943 | 第四借阅区/ [索取号:G634/5396] | 在馆 |